000 00316nam a2200133Ia 4500
008 190216s9999||||xx |||||||||||||| ||und||
100 _aMuller. H.J
245 0 _aStudies In Genetics
250 _a1st Ed.
260 _bOxford And Ibh Publishing Co. Pvt Ltd
_c1969
300 _a618
650 _aBotany
942 _cBK
999 _c1280
_d1280